000 00814cab a22001935a 4500
001 L141458
008 071126e20071122xxkd f s 000 0 eng d
035 _a(Sirsi) u141458
041 0 _aeng
100 1 _aMenary, Steve
245 0 0 _aCarillion lifted following Alfred McAlpine deal
260 _c2007
490 0 _aConstruction News
_v(7045) 22 November 2007, 20-21(2)
520 _aMonthly league compiled by Emap Glenigan showing Davis Langdon heading the quantity surveying table for the 12 months to October 2007. Gardiner and Theobald were runners up, with Gleeds in third place. HBG headed the contractor's league for October 2007, with Balfour Beatty in second place.
590 _aKA
651 4 _aUnited Kingdom
_y
690 _aBUILT ENVIRONMENT-QUANTITY SURVEYING-QUANTITY SURVEYORS
942 _n0
999 _c79495
_d79495